India's 2014 elections : (Record no. 94806)

MARC details
000 -LEADER
fixed length control field 01052nam a22002537a 4500
005 - DATE AND TIME OF LATEST TRANSACTION
control field 20170704143544.0
010 ## - LCCN (DPL NO)
LC control number 1516EN07 ENG-113428
020 ## - INTERNATIONAL STANDARD BOOK NUMBER
International Standard Book Number 9789351501879
Terms of availability 1250.00
035 ## - SYSTEM CONTROL NUMBER
System control number EN-96960
035 ## - SYSTEM CONTROL NUMBER
System control number B-605011-022
035 ## - SYSTEM CONTROL NUMBER
System control number B-664593
037 ## - SOURCE OF ACQUISITION
Source of stock number/acquisition DBAD/PUB
037 ## - SOURCE OF ACQUISITION
Source of stock number/acquisition BSB/VEN
Stock number DPL
082 ## - DEWEY DECIMAL CLASSIFICATION NUMBER
Classification number 324.9540532
245 ## - TITLE STATEMENT
Title India's 2014 elections :
Statement of responsibility, etc edited by Paul wallace
Remainder of title a Modi-led bjp sweep /
260 ## - PUBLICATION, DISTRIBUTION, ETC. (IMPRINT)
Place of publication, distribution, etc New Delhi
Name of publisher, distributor, etc Sage Publications
Date of publication, distribution, etc 2015
270 ## - ADDRESS
Address B1/I-1, Mohan Cooperative Industrial Area, Mathura Road
City New Delhi
Postal code 110044
300 ## - PHYSICAL DESCRIPTION
Extent xxiv,427p.
Dimensions 23cm(Hb)
500 ## - GENERAL NOTE
General note includes index
700 ## - ADDED ENTRY--PERSONAL NAME
Personal name Wallace, Paul
942 ## - ADDED ENTRY ELEMENTS (KOHA)
Source of classification or shelving scheme Dewey Decimal Classification
Item type English Books
Call number suffix IND
Classification part 324.9540532
Holdings
Withdrawn status Lost status Not for loan Collection code Home library Current library Date acquired Source of acquisition Cost, normal purchase price Full call number Barcode Copy number Cost, replacement price Koha item type
      Non-fiction Ashok Vihar Ashok Vihar 04/07/2017 BPPD/EN/2015-16/AV/2016-17/388/IN504/20.02.2017/06.03.2017 1250.00 324.9540532 IND B-664593 1 1250.00 English Books
      Non-fiction Bawana Bawana 08/07/2016 241/25.9.2015/113/16.9.2015/15.10.2015 1250.00 324.9540532 IND B-605021 1 1250.00 English Books
      Non-fiction Central Library Central Library 08/07/2016 241/25.9.2015/113/16.9.2015/15.10.2015 1250.00 324.9540532 IND B-605011 1 1250.00 English Books
    Not For Loan Reference Central Library Central Library 08/07/2016 241/25.9.2015/113/16.9.2015/15.10.2015 1250.00 324.9540532 IND B-605012 1 1250.00 English Books
      Non-fiction Janak Puri Janak Puri 08/07/2016 241/25.9.2015/113/16.9.2015/15.10.2015 1250.00 324.9540532 IND B-605017 1 1250.00 English Books
      Non-fiction Karol Bagh Karol Bagh 08/07/2016 241/25.9.2015/113/16.9.2015/15.10.2015 1250.00 324.9540532 IND B-605019 1 1250.00 English Books
      Non-fiction Kasturba Gandhi Marg Kasturba Gandhi Marg 08/07/2016 241/25.9.2015/113/16.9.2015/15.10.2015 1250.00 324.9540532 IND B-605015 1 1250.00 English Books
      Non-fiction Narela Narela 08/07/2016 241/25.9.2015/113/16.9.2015/15.10.2015 1250.00 324.9540532 IND B-605020 1 1250.00 English Books
      Non-fiction New Police Line New Police Line 08/07/2016 241/25.9.2015/113/16.9.2015/15.10.2015 1250.00 324.9540532 IND B-605013 1 1250.00 English Books
      Non-fiction Patel Nagar Patel Nagar 08/07/2016 241/25.9.2015/113/16.9.2015/15.10.2015 1250.00 324.9540532 IND B-605014 1 1250.00 English Books
      Non-fiction Peshwa Road Peshwa Road 08/07/2016 241/25.9.2015/113/16.9.2015/15.10.2015 1250.00 324.9540532 IND B-605016 1 1250.00 English Books
      Non-fiction Sarojini Nagar Sarojini Nagar 08/07/2016 241/25.9.2015/113/16.9.2015/15.10.2015 1250.00 324.9540532 IND B-605018 1 1250.00 English Books
      Non-fiction Shahdara Branch Shahdara Branch 10/07/2015 DBAD/PUB 1250.00 IND EN-96960 1 1250.00 English Books
      Non-fiction Shahdara Branch Shahdara Branch 08/07/2016 241/25.9.2015/113/16.9.2015/15.10.2015 1250.00 324.9540532 IND B-605022 1 1250.00 English Books

© Delhi Public Library
Hit Counter
free hit counter